Normal view
MARC view
- Saad Bin Sarfraz
Entry Personal Name
001 - CONTROL NUMBER
- control field: 88290
003 - CONTROL NUMBER IDENTIFIER
- control field: NUST
005 - DATE AND TIME OF LATEST TRANSACTION
- control field: 20220112111022.0
008 - FIXED-LENGTH DATA ELEMENTS
- fixed length control field: 220112|| aca||aabn | a|a d
040 ## - CATALOGING SOURCE
- Original cataloging agency: NUST
- Transcribing agency: NUST
100 ## - HEADING--PERSONAL NAME
- Personal name: Saad Bin Sarfraz
670 ## - SOURCE DATA FOUND
- Source citation: Work cat.: (NUST): Saad Bin Sarfraz, TH-SOF-1945-Characterization of Spark Plasma Sintered SiAlONTiCN Nano Composites, 2021
